| Tag |
First Indicator |
Second Indicator |
Subfields |
| LEADER |
00000cam a2200000 4500 |
| 001 |
in00000062565 |
| 005 |
20151007083018.0 |
| 008 |
720606s1965 nju b 00010 eng |
| 010 |
|
|
|a 65017161
|
| 035 |
|
|
|a (OCoLC)00326015
|
| 035 |
|
|
|9 AAF8729AM
|
| 040 |
|
|
|a DLC
|c CCL
|d OCL
|d TXA
|d UtOrBLW
|
| 049 |
|
|
|a TXAM
|c 2 [429071]
|
| 050 |
|
0 |
|a JX1251
|b .S49
|
| 082 |
0 |
|
|a 301.3
|
| 092 |
|
|
|a 301.3
|b S771e
|
| 100 |
1 |
|
|a Sprout, Harold,
|d 1901-1980.
|
| 245 |
1 |
4 |
|a The ecological perspective on human affairs :
|b with special reference to international politics /
|c by Harold and Margaret Sprout.
|
| 264 |
|
1 |
|a Princeton, N.J. :
|b Published for the Princeton Center of International Studies by Princeton University Press,
|c 1965.
|
| 300 |
|
|
|a xi, 236 pages ;
|c 21 cm.
|
| 336 |
|
|
|a text
|b txt
|2 rdacontent
|
| 337 |
|
|
|a unmediated
|b n
|2 rdamedia
|
| 338 |
|
|
|a volume
|b nc
|2 rdacarrier
|
| 500 |
|
|
|a Based on the author's Man-milieu relationship hypotheses in the context of international politics.
|
| 504 |
|
|
|a Bibliographical footnotes.
|
| 650 |
|
0 |
|a Human ecology.
|
| 650 |
|
0 |
|a International relations.
|
| 700 |
1 |
|
|a Sprout, Margaret,
|d 1903-2004.
|
| 700 |
1 |
|
|a Sprout, Harold,
|d 1901-1980.
|t Man-milieu relationship hypotheses in the context of international politics.
|
| 710 |
2 |
|
|a Woodrow Wilson School of Public and International Affairs.
|b Center of International Studies.
|
| 999 |
|
|
|a MARS
|
| 999 |
f |
f |
|s 9a63e8a5-73a7-3f16-9d68-22bbf5b0aea4
|i 31e1feb7-3241-3d26-aacf-fe69b6eb22bb
|t 0
|
| 952 |
f |
f |
|p normal
|a Texas A&M University
|b College Station
|c Sterling C. Evans Library
|d Evans: Library Stacks
|t 0
|e JX1251 .S49
|h Library of Congress classification
|i unmediated -- volume
|m A14800640205
|
| 998 |
f |
f |
|a JX1251 .S49
|t 0
|l Evans: Library Stacks
|